000 00759nam a2200289Ia 4500
005 20260324121146.0
008 008 260324s9999 xx 000 0 eng d
020 _a9780203766590
037 _aEBOOK
040 _aCRL
040 _beng
040 _cCRL
041 _2eng
041 _aeng
084 _qCRL
100 _aThomas Levine; Elizabeth Howard; David Moss
_91161418
245 0 _aPreparing Classroom Teachers to Succeed with Second Language Learners
245 0 _bLessons from a Faculty Learning Community
260 _bTaylor and Francis
260 _c2014
365 _a
365 _b150
856 _uhttp://www.taylorfrancis.com/books/9780203766590
942 _cEBOOK
999 _c1753346
_d1753346